000 00988nam a22003137a 4500
003 CHAP
005 20220329133714.0
008 971013s1991 r 00010 d
010 _a9735
011 _a10707
035 _a9945
040 _cCHAP
082 _a001.642
_bL4
100 0 0 _aLeebaret, Derek
_eed.
_965607
245 _aTechnology 2001 the future of computing and communications
260 _aCambridge :
_bThe MIT Press,
_c1991
300 _a392 p.
590 _aBATCH-UPD
_b10
_c20130110
_lUCH01
_h0018
590 _aBATCH-UPD
_b10
_c20130110
_lUCH01
_h1859
590 _aBATCH-UPD
_b10
_c20130410
_lUCH01
_h1227
590 _aBATCH-UPD
_b10
_c20130914
_lUCH01
_h1021
590 _aCONVERSION
_b10
_c20130109
_lUCH01
_h1306
650 1 4 _aComputadoras.
_926129
650 1 4 _aInnovaciones tecnológicas.
_958829
650 1 4 _aTelecomunicaciones.
_9112078
901 _aBK
942 _cLIBRO
949 _a001.642 L4
_bBC
_cLIBRO
_d33724000746855
_eLIBRO
_gI. c/e
_h86368
_i9945
_si
_t69.65
999 _c9735
_d9735